000
00295nam a22001217a 4500
008
171127b xxu||||| |||| 00| 0 eng d
041
_a
eng
080
_a
62
100
_a
27
101
_a
ENG
245
_a
STANDARDS AMERICAN SOCIETY OF AGRICULTURAL ENGINEERS
_c
HAHN.R.H
942
_2
udc
_c
BK
999
_c
38550
_d
38550